000 00602nam a2200157 4500
008 151001b xxu||||| |||| 00| 0 eng d
020 _a9781615498871
050 _aP 60 .O54 2009
100 _aO'Neill, Daniel J.
_d2009
245 _aThe modern communicator:
_bApplications and strategies for interpersonal communication ,group communication and public speaking.
_cDan, O'Neill J.
260 _aUSA:
_bGreatriver technologies,
_c2009.
300 _axx, 278 p. : ill.
_bIncludes index.
650 _aCommunication.
700 _aEarnheardt, Adam C.
942 _2lcc
_cBOOKS
_hP 60 .O54 2009
_02
999 _c6959
_d6959